000
00264nam a2200133Ia 4500
008
231017s9999 xx 000 0 und d
082
_a
388.324
082
_b
WOR
245
0
_a
Freight Strategy
245
0
_c
-
260
_b
-
300
_c
30cm
942
_c
REP
999
_c
604133
_d
604133